000 01025nas a2200289 4500
001 BR8300411
003 BR-BrBNA
005 20231205085416.0
007 ta
008 230509b bl.|||p| |||| 00| 00por d
040 _aBR-BrBNA
_bpor
_cBiblioteca Nacional de Agricultura
041 _a(Pt)
072 _aK10
100 1 _aSilva, J.A. da
100 1 _aSchneider, P.R.
100 1 _aElesbao, L.E.G.
100 1 _aBrena, D.A.
111 1 _aCongresso Nacional sobre Essencias Nativas
_cCampos do Jordao, SP (Brazil)
_d12 Sep 1982
245 1 _aProducao das florestas naturais ao longo do Rio Branco no territorio federal de Roraima [Brasil]
246 1 _a[Production of natural forests along Rio Branco in the federal territory of Roraima [Brazil]]
650 _aPRODUCAO FLORESTAL
650 _aRIO BRANCO
650 _aRORAIMA
773 0 _tSilvicultura em Sao Paulo (Brazil)
_xISSN 0583-3132
_g(1982), v. 16-A(pt. 1) p. 604-612
_wBR8300411
909 _a202311
_bLúcia
_c55
_dLúcia Elande
942 _2AGRIS
_n0
_cANA
999 _c111269
_d111269